00699nam a2200229 a 4500003000400000005001700004008004100021040002400062041000800086082001800094100002300112245008900135250001200224260006400236300001000300440004000310653003200350653003000382700001800412700002100430856001800451OSt20131018152145.0131018s2002 ag ||||| |||| 00| 0 spa d cBiblioteca Medicina aspa bCONGRESOS 0481 aBelmartino, Susana00aSeminario IV: La reforma de la atencion medica en Argentina. Escenarios Provinciales a1ยบ ed. aBuenos AiresbCentro de Estudios de Estado y Sociedadc2002 a41 p. 0aSeminarios Salud y Politica Publica aSISTEMAS DE SALUD-ARGENTINA aATENCION MEDICA-ARGENTINA1 aBloch, Carlos1 aBascolo, Ernesto awww.cedes.org